| 000 | 00610nam a2200193 i 4500 | ||
|---|---|---|---|
| 001 | 37368 | ||
| 003 | ES-MaACL | ||
| 005 | 20230906155548.0 | ||
| 007 | t| | ||
| 008 | 030220s1952 gw ||||1| ger d | ||
| 100 | 1 |
_aBueckner, H. _932344 |
|
| 245 | 1 | 4 |
_aDie praktische behandlung von integral-gleichungen / _cvon H. Bueckner. |
| 260 |
_aBerlin : _bSpringev, _c1952 ( _fPaul Dünnhaupt) |
||
| 300 |
_aVI, 128 p. ; _c24 cm. |
||
| 490 | 1 | _aErgebnisse der angewandten mathématik | |
| 830 | 0 |
_aErgebnisse der angewandten mathématik _9229636 |
|
| 852 |
_aES-MaACL _jC-19193 _bR.46963 |
||
| 999 |
_c37368 _d37368 |
||